00286nam a22001097a 450000500170000000800410001708200080005824500200006626000650008630000140015131000110016520180901122340.0090122t xxu||||| |||| 00| 0 eng d a050 aEmployment news aNew Delhi bPublication Division, Ministry of I. & B.c1967- av.c34 cm aweekly